| 000 | 01079cam a22003014a 4500 | ||
|---|---|---|---|
| 001 | 16312478 | ||
| 003 | OSt | ||
| 005 | 20230602141630.0 | ||
| 008 | 100701s2009 ja a b 000 0 eng | ||
| 010 | _a 2010446389 | ||
| 020 | _a9784875401063 | ||
| 040 |
_aDLC _cDLC |
||
| 043 |
_aaw----- _aa-ja--- |
||
| 082 |
_a301.0720519 _bDEV |
||
| 100 |
_cThe Institution For Social Development And Policy Research _dDecember, 2007 |
||
| 245 | 0 | 0 | _aDevelopment and society |
| 260 |
_aSeoul National University _bInstitute For Social Development And Policy Research _cDecember, 2007 |
||
| 300 |
_a330 p. : _bill. (some col.) ; _c21 cm. |
||
| 440 |
_v36 _x15988074 _n2 |
||
| 651 | 0 |
_aMiddle East _xForeign relations _zJapan. |
|
| 651 | 0 |
_aJapan _xForeign relations _zMiddle East. |
|
| 700 | _cInstitute for Social Development And Policy Research, Seoul National University | ||
| 710 | 2 | _aKokusai Kōryū Kikin. | |
| 710 | 2 | _aKokusai Kōryū Kikin. | |
| 906 |
_a7 _bcbc _corignew _d3 _encip _f20 _gy-gencatlg |
||
| 942 |
_2ddc _cBK |
||
| 999 |
_c165 _d165 |
||